| 000 | 00451nam a2200169Ia 4500 | ||
|---|---|---|---|
| 003 | LK-CoDNM | ||
| 005 | 20240730152536.0 | ||
| 008 | 010623t1960 xxu||||| |||| 00| 1 eng d | ||
| 040 |
_aLK-CoDNM _dLK-CoDNM _eLK-CoDNM |
||
| 041 | _aeng | ||
| 080 |
_a8 _bJJ45 |
||
| 100 | _aLynch,Kevin. | ||
| 245 | _aThe Image of the City | ||
| 260 |
_bM.I.T.Press and Harvard University Press _aCambridge _c1960 |
||
| 300 | _bvii, 194p. : ill ; 21 cm | ||
| 942 | _cBK | ||
| 999 |
_c105268 _d105268 |
||